| 000 | 01765cam a22004694i 4500 | ||
|---|---|---|---|
| 003 | PE-LiUPU | ||
| 005 | 20250731172745.0 | ||
| 008 | 150617s r 000 0 d | ||
| 020 | _a0802814115 | ||
| 035 | _a(Sirsi) i9780802814111 | ||
| 040 |
_aPE-LiUPU _bspa _cPE-LiUPU _erda |
||
| 049 | _aPRUA | ||
| 082 | 0 | 4 |
_a225.07 _bT _221 |
| 100 | 1 |
_aCarson, Herbert M., _eautor. |
|
| 245 | 1 | 4 |
_aThe Epistles of Paul to the Colossian and Philemon / _cuna introducción y comentario por Herbert M. Carson. |
| 264 | 1 |
_aMichigan : _bW. B. Eerdmans Publishing, _c1982. |
|
| 300 |
_a112 páginas ; _c20 centímetros. |
||
| 336 |
_atext _2rdacontent |
||
| 337 |
_aunmediated _2rdamedia |
||
| 338 |
_avolume _2rdacarrier |
||
| 490 | 0 |
_a(Tyndale New Testament Commentaries ; _v12) |
|
| 500 | _aEn cubierta: “A concise, workable tool for laymen, teachers and ministers” | ||
| 505 | 0 | _aColossians: Commentary -- The person and work of Christ -- Paul;s part in God's plan -- Warning against false teaching -- a new pattern of life -- Final instruccions -- Personal greetings -- Philemon: commentary -- The request. | |
| 526 | _aSEG42 | ||
| 526 | _aSEG41 | ||
| 526 | _aSEG40 | ||
| 526 | _aSEG39 | ||
| 526 | _aP94 | ||
| 526 | _aP87 | ||
| 526 | _aP86 | ||
| 526 | _aP85 | ||
| 526 | _aP77 | ||
| 526 | _aP76 | ||
| 526 | _aP35 | ||
| 630 | 0 |
_aBiblia. _pColosences _xCrítica, interpretación, etc. _91642 |
|
| 630 | 0 |
_aBiblia. _pFilemón _xCrítica, interpretación, etc. _91643 |
|
| 910 | _ajck | ||
| 942 |
_2ddc _cBK |
||
| 949 |
_a225.07 T 12 _wDEWEY _c1 _i21829 _lCCODEBUL1 _mBUL _r0 _sY _tBOOK _u2015-6-17 _xTEOLOGIA _0COMPRA _o.STAFF. Colección general |
||
| 999 |
_c2445 _d2445 |
||
| 980 |
_81 _gALBERTO SANCHEZ Responsable de Automatización |
||